[Event "Titled Tuesday intern op 08th Nov Early"]
[Site "Chess.com INT"]
[Date "2022.11.08"]
[Round "9"]
[White "Alhadad, Mahmoud"]
[Black "Rosh, Jain"]
[Result "0-1"]
[WhiteElo "1840"]
[BlackElo "2333"]
[PlyCount "94"]
[EventDate "2022.11.08"]
[EventType "swiss (blitz)"]
[EventRounds "11"]
[EventCountry "USA"]
[SourceTitle "EXT 2024"]
[Source "ChessBase"]
[SourceDate "2023.10.10"]
[SourceVersion "1"]
[SourceVersionDate "2023.10.10"]
[SourceQuality "1"]

1. e4 c5 2. Nc3 Nc6 3. Bb5 Nd4 4. Nf3 g6 5. Nxd4 cxd4 6. Ne2 Bg7 7. 0-0 e6 8. d3 Ne7 9. f4 a6 10. Ba4 b5 11. Bb3 Bb7 12. Qe1 d6 13. a3 0-0 14. a4 Qb6 15. Qf2 d5 16. e5 Nf5 17. a5 Qa7 18. g4 Ne3 19. Bxe3 dxe3 20. Qg3 d4 21. f5 exf5 22. gxf5 Qc5 23. fxg6 Qc6 24. gxf7+ Kh8 25. Rf3 Qxf3 26. Qxf3 Bxf3 27. Nxd4 Bh5 28. e6 Bxd4 29. e7 e2+ 30. Kg2 Bxb2 31. exf8Q+ Rxf8 32. Rg1 Bd4 33. Re1 Bc3 34. Rg1 Bxf7 35. Kf2 e1Q+ 36. Rxe1 Bxb3+ 37. Ke2 Re8+ 38. Kf3 Bd5+ 39. Kf4 Rxe1 40. Kg5 Be5 41. Kf5 Kg7 42. c4 bxc4 43. dxc4 Bxc4 44. h4 Kf7 45. Kg5 Be6 46. Kh6 Bg7+ 47. Kh5 Re5# 0-1

[Event "Titled Tuesday intern op 25th Oct Early"]
[Site "Chess.com INT"]
[Date "2022.10.25"]
[Round "7"]
[White "Alhadad, Mahmoud"]
[Black "Forgacs, Attila Jr"]
[Result "0-1"]
[WhiteElo "1840"]
[BlackElo "2268"]
[PlyCount "54"]
[EventDate "2022.10.25"]
[EventType "swiss (blitz)"]
[EventRounds "11"]
[EventCountry "USA"]
[SourceTitle "EXT 2024"]
[Source "ChessBase"]
[SourceDate "2023.10.10"]
[SourceVersion "1"]
[SourceVersionDate "2023.10.10"]
[SourceQuality "1"]

1. e4 e5 2. d4 exd4 3. Bc4 Nc6 4. Nf3 Nf6 5. 0-0 Nxe4 6. Nc3 Nxc3 7. bxc3 d5 8. Bb5 Be7 9. Ne5 Bd7 10. Bxc6 Bxc6 11. Nxc6 bxc6 12. cxd4 0-0 13. Qf3 c5 14. Ba3 cxd4 15. Bxe7 Qxe7 16. Qxd5 Rad8 17. Qc4 Rfe8 18. h3 Qd6 19. Rfe1 c5 20. Re2 Rxe2 21. Qxe2 h6 22. Re1 Qd5 23. Qa6 c4 24. Qxa7 d3 25. cxd3 cxd3 26. Rd1 d2 27. Qa5 Qxa5 0-1

[Event "Titled Tuesday intern op 25th Oct Early"]
[Site "Chess.com INT"]
[Date "2022.10.25"]
[Round "3"]
[White "Manukyan, Artyom"]
[Black "Alhadad, Mahmoud"]
[Result "1-0"]
[WhiteElo "2126"]
[BlackElo "1840"]
[PlyCount "149"]
[EventDate "2022.10.25"]
[EventType "swiss (blitz)"]
[EventRounds "11"]
[EventCountry "USA"]
[SourceTitle "EXT 2024"]
[Source "ChessBase"]
[SourceDate "2023.10.10"]
[SourceVersion "1"]
[SourceVersionDate "2023.10.10"]
[SourceQuality "1"]

1. d4 d5 2. Nc3 Nc6 3. Bf4 Bf5 4. a3 e6 5. e3 Bd6 6. Bg3 Nf6 7. Nf3 Ne4 8. Nxe4 Bxe4 9. Ne5 Nxe5 10. dxe5 Be7 11. c4 c6 12. f3 Bg6 13. Be2 Qb6 14. Bf2 Qxb2 15. h4 Qc3+ 16. Kf1 Bxa3 17. h5 Bc2 18. Rxa3 Qxa3 19. Qxc2 Qa1+ 20. Be1 Qxe5 21. h6 0-0-0 22. hxg7 Qxg7 23. cxd5 Rxd5 24. Bc3 Rc5 25. Bxg7 Rxc2 26. Bd1 Rc1 27. Ke2 Rg8 28. Rxh7 a5 29. g4 b5 30. Bd4 c5 31. Bb2 Rb1 32. Bf6 a4 33. Rh5 Rc1 34. Kd2 Rc4 35. Be2 Rb4 36. Rxc5+ Kb7 37. Bc3 Rc4 38. Bxc4 bxc4 39. Rxc4 Kb6 40. Rxa4 Rd8+ 41. Ke2 Kb5 42. Rb4+ Kc5 43. Rd4 Ra8 44. g5 Ra2+ 45. Bd2 f5 46. gxf6 Ra7 47. f4 Rf7 48. Bc3 Rxf6 49. Rc4+ Kxc4 50. Bxf6 Kd5 51. Be5 Ke4 52. Kf2 Kf5 53. Kf3 Kg6 54. e4 Kf7 55. Ke3 Ke8 56. Kd4 Kd7 57. Kc5 Ke8 58. Kc6 Kd8 59. Kd6 Ke8 60. Kxe6 Kf8 61. Bc3 Kg8 62. Be1 Kf8 63. Bf2 Ke8 64. Bg1 Kf8 65. f5 Ke8 66. f6 Kf8 67. e5 Ke8 68. Kf5 Kf8 69. e6 Ke8 70. Kg6 Kf8 71. e7+ Ke8 72. Kg7 Kd7 73. Kf7 Kd6 74. e8Q Kd5 75. Qe6# 1-0

[Event "Titled Tuesday intern op 25th Oct Early"]
[Site "Chess.com INT"]
[Date "2022.10.25"]
[Round "8"]
[White "Todorovic, Bojan"]
[Black "Alhadad, Mahmoud"]
[Result "1-0"]
[WhiteElo "2176"]
[BlackElo "1840"]
[PlyCount "109"]
[EventDate "2022.10.25"]
[EventType "swiss (blitz)"]
[EventRounds "11"]
[EventCountry "USA"]
[SourceTitle "EXT 2024"]
[Source "ChessBase"]
[SourceDate "2023.10.10"]
[SourceVersion "1"]
[SourceVersionDate "2023.10.10"]
[SourceQuality "1"]

1. Nf3 Nc6 2. d4 d5 3. Bf4 Bg4 4. e3 e6 5. Bd3 Bd6 6. Bg3 e5 7. dxe5 Nxe5 8. Nbd2 Nxd3+ 9. cxd3 Nf6 10. Qb3 0-0 11. 0-0 Bxg3 12. hxg3 Rb8 13. Rac1 c6 14. Ne5 Be6 15. d4 Ne4 16. Nxe4 dxe4 17. Qa3 a6 18. b3 h5 19. Nc4 h4 20. Qd6 Bxc4 21. Qxd8 Rbxd8 22. Rxc4 hxg3 23. fxg3 Rd5 24. g4 g6 25. Rf4 Re8 26. Kf2 Kg7 27. Ke2 Ra5 28. Rc2 Re7 29. Kd2 g5 30. Rf2 Kg6 31. Kc3 Rd5 32. Kb4 a5+ 33. Ka4 b5+ 34. Kxa5 Rb7 35. Rxc6+ Kg7 36. Kb4 Ra7 37. a3 Ra8 38. Rf5 Rxf5 39. gxf5 Rh8 40. Kxb5 Rh2 41. a4 Rxg2 42. a5 g4 43. b4 g3 44. Rc1 Ra2 45. Rg1 g2 46. a6 Kf6 47. Kb6 Kxf5 48. a7 Kg4 49. Rxg2+ Rxg2 50. a8Q Kf3 51. d5 Kxe3 52. d6 Rb2 53. Kb5 Kd3 54. Qd5+ Ke3 55. d7 1-0

[Event "Titled Tuesday intern op 14th Dec"]
[Site "Chess.com INT"]
[Date "2021.12.14"]
[Round "11"]
[White "Alhadad, Mahmoud"]
[Black "Golizadeh, Asghar"]
[Result "0-1"]
[WhiteElo "1840"]
[BlackElo "2455"]
[PlyCount "76"]
[EventDate "2021.12.14"]
[EventType "swiss (blitz)"]
[EventRounds "11"]
[EventCountry "USA"]
[SourceTitle "EXT 2023"]
[Source "ChessBase"]
[SourceDate "2022.10.05"]
[SourceVersion "1"]
[SourceVersionDate "2022.10.05"]
[SourceQuality "1"]

1. e4 c5 2. Nc3 d6 3. f4 g6 4. d4 cxd4 5. Qxd4 Nf6 6. e5 dxe5 7. Qxd8+ Kxd8 8. fxe5 Nfd7 9. Bf4 e6 10. 0-0-0 Nc6 11. Ne4 Kc7 12. Nd6 Bxd6 13. exd6+ Kd8 14. Nf3 f6 15. Bc4 e5 16. Bg3 Nb6 17. Bb3 Na5 18. Bh4 Nxb3+ 19. axb3 g5 20. Nxe5 fxe5 21. Bxg5+ Ke8 22. Bf6 Rg8 23. Bxe5 Be6 24. Bg3 Kd7 25. c4 a5 26. Rhe1 Rge8 27. Re5 a4 28. c5 Bxb3 29. Rde1 Nd5 30. Kd2 Rxe5 31. Rxe5 Re8 32. Rh5 Nf6 33. Rh6 Ne4+ 34. Kd3 Bg8 35. Bh4 Nxc5+ 36. Kd4 Ne6+ 37. Kc3 Nf4 38. Be7 Nd5+ 0-1

[Event "Titled Tuesday intern op 14th Dec"]
[Site "Chess.com INT"]
[Date "2021.12.14"]
[Round "9"]
[White "Dilmukhametov, Artur"]
[Black "Alhadad, Mahmoud"]
[Result "1-0"]
[WhiteElo "2293"]
[BlackElo "1840"]
[PlyCount "93"]
[EventDate "2021.12.14"]
[EventType "swiss (blitz)"]
[EventRounds "11"]
[EventCountry "USA"]
[SourceTitle "EXT 2023"]
[Source "ChessBase"]
[SourceDate "2022.10.05"]
[SourceVersion "1"]
[SourceVersionDate "2022.10.05"]
[SourceQuality "1"]

1. e4 d5 2. exd5 Nf6 3. d4 Bg4 4. Be2 Bxe2 5. Nxe2 Qxd5 6. 0-0 Nc6 7. Be3 0-0-0 8. c3 e5 9. Qb3 e4 10. Qxd5 Nxd5 11. c4 Ndb4 12. Nbc3 f5 13. a3 Nc2 14. Rac1 Nxe3 15. fxe3 g6 16. b4 Bh6 17. Nf4 Rhe8 18. g3 a5 19. b5 Nb8 20. Kf2 b6 21. Ncd5 Nd7 22. Rfd1 Nf8 23. Nf6 Re7 24. Ng8 Bxf4 25. Nxe7+ Kd7 26. Nc6 Bh6 27. Nxd8 Kxd8 28. c5 Nd7 29. cxb6 Nxb6 30. Rc6 Bf8 31. a4 Nxa4 32. Ra6 Nc3 33. Ra8+ Kd7 34. Rc1 Bb4 35. Rb8 a4 36. b6 c6 37. Ra8 a3 38. b7 a2 39. b8Q Nd1+ 40. Rxd1 Bd6 41. Qe8+ Kc7 42. Qc8+ Kb6 43. Ra6+ Kb5 44. Qxc6+ Kb4 45. Ra4+ Kb3 46. Qc4+ Kb2 47. Rxa2# 1-0

[Event "Titled Tuesday intern op 14th Dec"]
[Site "Chess.com INT"]
[Date "2021.12.14"]
[Round "6"]
[White "Malka, Samuel"]
[Black "Alhadad, Mahmoud"]
[Result "1-0"]
[WhiteElo "2185"]
[BlackElo "1840"]
[PlyCount "95"]
[EventDate "2021.12.14"]
[EventType "swiss (blitz)"]
[EventRounds "11"]
[EventCountry "USA"]
[SourceTitle "EXT 2023"]
[Source "ChessBase"]
[SourceDate "2022.10.05"]
[SourceVersion "1"]
[SourceVersionDate "2022.10.05"]
[SourceQuality "1"]

1. d4 d5 2. c4 Nc6 3. Nf3 Bg4 4. Nc3 e6 5. cxd5 exd5 6. Bf4 Bb4 7. Qb3 Nf6 8. e3 Bxf3 9. gxf3 Nh5 10. Bg3 a6 11. a3 Bxc3+ 12. bxc3 Rb8 13. a4 Nxg3 14. hxg3 Qd6 15. Bd3 g6 16. e4 dxe4 17. fxe4 Ne5 18. Be2 Nd7 19. Kf1 0-0 20. Kg2 Kg7 21. e5 Qe6 22. Qxe6 fxe6 23. Bc4 Rbe8 24. a5 b5 25. axb6 Nxb6 26. Bxa6 Rf5 27. Bd3 Rf7 28. Rh4 Ref8 29. f4 Nd5 30. Rah1 h5 31. Rc1 c5 32. Be4 Ne3+ 33. Kf3 cxd4 34. cxd4 Ng4 35. Rhh1 Rd8 36. Rhd1 h4 37. Kxg4 hxg3 38. Kxg3 Rfd7 39. Rc4 g5 40. fxg5 Rb8 41. Kf4 Rb3 42. g6 Rf7+ 43. gxf7 Kf8 44. Rc7 Rb2 45. Bf3 Rf2 46. d5 exd5 47. e6 Rb2 48. Rg1 1-0

[Event "Titled Tuesday intern op 14th Dec"]
[Site "Chess.com INT"]
[Date "2021.12.14"]
[Round "4"]
[White "Sala, Giulia"]
[Black "Alhadad, Mahmoud"]
[Result "0-1"]
[WhiteElo "2028"]
[BlackElo "1840"]
[PlyCount "32"]
[EventDate "2021.12.14"]
[EventType "swiss (blitz)"]
[EventRounds "11"]
[EventCountry "USA"]
[SourceTitle "EXT 2023"]
[Source "ChessBase"]
[SourceDate "2022.10.05"]
[SourceVersion "1"]
[SourceVersionDate "2022.10.05"]
[SourceQuality "1"]

1. e4 d5 2. exd5 Nf6 3. c4 e6 4. dxe6 Bxe6 5. Nf3 Qe7 6. Qe2 Nc6 7. d3 0-0-0 8. Bg5 Qb4+ 9. Nc3 Bc5 10. a3 Qa5 11. 0-0-0 Rhe8 12. Qc2 Nd4 13. Nxd4 Bxd4 14. g3 Qxg5+ 15. Kb1 Bg4 16. Re1 Rxe1+ 0-1